Performance reporting v kontexte medzinárodných účtovných štandardov
Aktuálne zmeny, ktoré sa v oblasti vykazovania finančnej výkonnosti firiem presadzujú v rámci medzinárodného účtovníctva. Vykazovanie komplexných výsledkov podľa U.S. GAAP. Vykazovanie finančnej výkonnosti podľa U.K. GAAP. Návrh novely štandardu IAS 1 a vykazovanie finančnej výkonnosti podľa štandar...
Gespeichert in:
| 1. Verfasser: | |
|---|---|
| Format: | Buchkapitel |
| Sprache: | Slowakisch |
| Schlagworte: | |
| Tags: |
Keine Tags, Fügen Sie das erste Tag hinzu!
|
MARC
| LEADER | 00000nla$a2200000$$$4500 | ||
|---|---|---|---|
| 001 | 0057552 | ||
| 005 | 20240502083140.1 | ||
| 041 | 0 | |a slo | |
| 044 | |a CZ | ||
| 245 | 1 | 0 | |a Performance reporting v kontexte medzinárodných účtovných štandardov |c Miloš Tumpach |
| 520 | |a Aktuálne zmeny, ktoré sa v oblasti vykazovania finančnej výkonnosti firiem presadzujú v rámci medzinárodného účtovníctva. Vykazovanie komplexných výsledkov podľa U.S. GAAP. Vykazovanie finančnej výkonnosti podľa U.K. GAAP. Návrh novely štandardu IAS 1 a vykazovanie finančnej výkonnosti podľa štandardov IFRS. | ||
| 610 | 2 | 0 | |a účtovníctvo |
| 610 | 2 | 0 | |a štandardy účtovné medzinárodné |
| 610 | 2 | 0 | |a výkazníctvo finančné |
| 610 | 2 | 0 | |a výkonnosť |
| 610 | 2 | 0 | |a výkaz ziskov a strát |
| 610 | 2 | 0 | |a výnosy |
| 610 | 2 | 0 | |a náklady |
| 100 | 1 | |a Tumpach, Miloš, 1970- | |